LEADER 01066nam--2200373---450- 001 990003196850203316 005 20090216091357.0 010 $a978-1-58829-635-0 035 $a000319685 035 $aUSA01000319685 035 $a(ALEPH)000319685USA01 035 $a000319685 100 $a20090216d2007----km-y0itay50------ba 101 $aeng 102 $aUS 105 $a||||||||001yy 200 1 $aPlant proteomics$emethods and protocols$fedited by Hervé Thiellement...[et al.] 210 $aTotowa$cHumana Press$d2007 215 $aXIII, 399 p.$d23 cm 225 2 $aMethods in molecular biology$v355 410 0$12001$aMethods in molecular biology$v355 454 1$12001 461 1$1001-------$12001 606 0 $aProteine$2BNCF 676 $a572.6 702 1$aTHIELLEMENT,$bHervé 801 0$aIT$bsalbc$gISBD 912 $a990003196850203316 951 $a572.6 PLA$b5071 Farm.$c572.6$d00186500 959 $aBK 969 $aFAR 979 $aFIORELLA$b90$c20090216$lUSA01$h0913 996 $aPlant proteomics$91014947 997 $aUNISA LEADER 00923nam0-22003371i-450 001 990001720340403321 005 20201019115157.0 010 $a88-374-09885- 035 $a000172034 035 $aFED01000172034 035 $a(Aleph)000172034FED01 035 $a000172034 100 $a20030910d1987----km-y0itay50------ba 101 0 $aita 102 $aIT 105 $aa 001yy 200 1 $aAtlante degli alberi d'Italia$fEliana Ferioli$gdisegni di Gabriele Pozzi 210 $aMilano$cMondadori Ed.$d1987 215 $a231 p.$cill.$d25 cm 610 0 $aDendrologia 610 0 $aAlberi 676 $a582.16 676 $a582.160945$v23 $4z ita 700 1$aFerioli,$bEliana$038462 801 0$aIT$bUNINA$gRICA$2UNIMARC 901 $aBK 912 $a990001720340403321 952 $a60 582.160 FERE 1987$b651$fFAGBC 959 $aFAGBC 996 $aAtlante degli alberi d'Italia$9349931 997 $aUNINA